| 000 | 00779nam a22002177a 4500 | ||
|---|---|---|---|
| 003 | OSt | ||
| 005 | 20230201081225.0 | ||
| 008 | 221006b |||||||| |||| 00| 0 eng d | ||
| 022 | _a2500 8501 Octubre | ||
| 040 | _cBiblioteca Lado V | ||
| 082 |
_a986.1 _bM668m |
||
| 130 |
_9701 _aLa Minúscula Ensayística Ilustrada _lspa |
||
| 245 |
_aLa Minúscula Ensayística Ilustrada/ _bAlisamientos Ideológicos/ |
||
| 260 |
_bMincultura _aColombia _c2016 |
||
| 300 |
_c6x8cm _a60p. |
||
| 490 |
_aLa Minúscula Ensayística Ilustrada _vVolumen 5 Octubre |
||
| 650 | 0 |
_2Tesauro de Arte & Arquitectura _aFOTOGRAFIA _9702 |
|
| 650 |
_2Tesauro de Arte & Arquitectura _aHISTORIA |
||
| 650 |
_2Tesauro de Arte & Arquitectura _aARTE |
||
| 942 |
_2ddc _c1 _h986.1 _iM668m _n0 |
||
| 999 |
_c2993 _d2993 |
||